Statistics for Vehicles/Transportations That Start With J

Click here to take the quiz!

General Stats

  • This quiz has been taken 8 times
  • The average score is 4 of 11

Answer Stats

Answer% Correct
Jet
88%
Jumbo Jet
88%
Jeep
50%
Jalopy
38%
Jetboat
38%
Jetski
25%
Jetpack
13%
Jitney
13%
Junk
13%
Jetliner
0%
Journey
0%

Score Distribution

Percentile by Number Answered

Percent of People with Each Score

Your Score History

You have not taken this quiz